|
|
|
|
| LEADER |
01347nam a2200289 a 4500 |
| 001 |
0017438 |
| 003 |
BD-DhAAL |
| 008 |
091025r2007 ii d 000 0 eng d |
| 010 |
|
|
|a 56021668
|
| 020 |
|
|
|a 8171110347
|
| 040 |
|
|
|a DLC
|c CarP
|d DLC
|d BD-DhAAL
|
| 082 |
0 |
0 |
|a 347.2954
|2 22
|
| 100 |
1 |
|
|a Bindra, Narotam Singh.
|9 58568
|
| 245 |
1 |
0 |
|a Conveyancing :
|b draftsman and interpretation of deeds.
|n Volume II.
|
| 260 |
|
|
|a Delhi, :
|b Delhi Law House,
|c 2007 [reprinted]
|
| 300 |
|
|
|a LXXIX, 909-1820 pages :
|b forms ;
|c 25 cm
|
| 362 |
0 |
|
|a Vol. 2 (in seven volumes).
|
| 504 |
|
|
|a Includes bibliographical references and index.
|
| 526 |
|
|
|a SOL
|x Professor K Shamsuddin Mahmood
Professor and Dean
School of Law
BRAC University
|
| 541 |
1 |
|
|e 0017438
|a Anupam Gyan Bhandar
|
| 650 |
|
0 |
|a Conveyancing
|z India. [from old catalog]
|9 58569
|
| 650 |
|
0 |
|a Deeds
|z India. [from old catalog]
|9 58570
|
| 650 |
|
0 |
|a Forms (Law)
|z India. [from old catalog]
|9 58565
|
| 852 |
4 |
|
|a Ayesha Abed Library
|c General Stacks
|
| 942 |
|
|
|2 ddc
|c BK
|
| 999 |
|
|
|c 5217
|d 5217
|
| 952 |
|
|
|0 0
|1 0
|2 ddc
|4 0
|6 347_295400000000000_BIN_2007
|7 0
|9 5063
|a BRACUL
|b BRACUL
|c GEN
|d 2009-11-08
|e Anupam Gyan Bhandar
|g 1929.00
|l 2
|m 37
|o 347.2954 BIN
|p 3010017438
|r 2024-01-02
|s 2023-09-30
|t 1
|v 3858.00
|w 2009-11-08
|y BK
|x Requisitioned by Professor K Shamsuddin Mahmood (Professor and Dean), School of Law, BRAC University
|